Five green monsters (Record no. 191204)

MARC details
000 -LÍDER
campo de controle de tamanho fixo 00342 a2200157 4500
001 - NÚMERO DE CONTROLE
campo de controle 191204
020 ## - ISBN - INTERNATIONAL STANDARD BOOK NUMBER
ISBN - International Standard Book Number 0-521-00674-0
040 ## - FONTE DA CATALOGAÇÃO
Instituição que transcreveu o registro Magnum
100 ## - ENTRADA PRINCIPAL--NOME PESSOAL
Nome pessoal Partridge, Juliet
240 10 - TÍTULO UNIFORME
Título uniforme Five green monsters
Idioma da obra por
245 10 - TÍTULO
Título Five green monsters
300 ## - DESCRIÇÃO FÍSICA
Extensão 8
362 0# - DATAS DE PUBLICAÇÃO E/OU DESIGNAÇÃO SEQUENCIAL
Datas de publicação e/ou designação sequencial 2001
697 ## - ENTRADA DE ASSUNTO LOCAL--ENTIDADE COLETIVA (RLIN)
Nome corporativo ou nome da jurisdição LITERATURA INFANTIL INGLESA
942 ## - ELEMENTOS DE ENTRADA ADICIONADOS (KOHA)
Tipo de material Koha Livros
Holdings
Situação do descarte Situação das perdas Situação física Não pode ser emprestado Biblioteca de origem Biblioteca atual Data de aquisição Total de empréstimos Número de chamada completo Código de barras Data de último acesso Data do preço efetivo Tipo de material Koha
        Magnum Magnum 08/06/2024   890.1.1.53 MAG00068476 08/06/2024 08/06/2024 Livros